World Green Building Council (Record no. 121185)
[ view plain ]
| 000 -LEADER | |
|---|---|
| fixed length control field | 00898nam a22001817a 4500 |
| 001 - CONTROL NUMBER | |
| control field | K121185 |
| 008 - FIXED-LENGTH DATA ELEMENTS--GENERAL INFORMATION | |
| fixed length control field | 190716b2020 ||||| |||| 00| 0 eng d |
| 110 ## - MAIN ENTRY--CORPORATE NAME | |
| 9 (RLIN) | 6298 |
| Corporate author | World Green Building Council |
| 245 ## - TITLE STATEMENT | |
| Title | World Green Building Council |
| 520 ## - ABSTRACT | |
| Abstract | The World Green Building Council (WorldGBC) is a global network leading the transformation of the built environment to make it healthier and more sustainable. Collectively, with our Green Building Councils (GBCs) in around 70 countries, we accelerate action to deliver on the ambition of the Paris Agreement, by eliminating the buildings and construction sector's emissions by 2050. <br/> |
| 650 ## - KEYWORDS | |
| Keywords | Green buildings |
| 650 ## - KEYWORDS | |
| Keywords | UK Green Building Council |
| 650 ## - KEYWORDS | |
| Keywords | Net-zero carbon |
| 650 ## - KEYWORDS | |
| Keywords | Value the planet |
| 651 ## - SUBJECT ADDED ENTRY--GEOGRAPHIC NAME | |
| Geographic name | International |
| 690 ## - LOCAL SUBJECT ADDED ENTRY--TOPICAL TERM (OCLC, RLIN) | |
| 9 (RLIN) | 6238 |
| Topical term or geographic name as entry element | Environment |
| 856 ## - ONLINE RESOURCE | |
| Uniform Resource Identifier | https://www.worldgbc.org/ |
| Public note | View at www.worldgc.org |
| Withdrawn status | Lost status | Source of classification or shelving scheme | Damaged status | Not for loan | Home library | Current library | Shelving location | Date acquired | Total Checkouts | Date last seen | Price effective from | Koha item type |
|---|---|---|---|---|---|---|---|---|---|---|---|---|
| Dewey Decimal Classification | Virtual | Virtual | Online | 24/01/2020 | 24/01/2020 | 24/01/2020 | Online material |